• 首页
  • 本馆介绍
  • 公告通知
  • 最新文献
  • 馆藏检索
  • 电子资源
  • 读者荐购
  • 参考咨询
  • CALIS
  • 我的图书馆
  • 登录
  • 详细信息显示
  • 放入我的书架
  • 预约/预借图书
  • 作者相关作品
  • 分类相关作品
  • 丛书相关作品
  • 出版社相关作品

书目信息

  • 表格格式
  • 工作单格式
  • 卡片格式
书名: Management Information Systems
作者: James A.O’Brien.
分册号:
分册名:
出版地: BURR RIDGE :
 
出版社: IRWIN
出版时间: 1993.
页数: 571 p. ;
开本: 29cm.
丛书名:
中图分类号:
科图分类号:
其他分类号: G203
主题词:
电子资源:
 
 
 
 
 
000 00506nam 2200169 a 4500
001 E0157418587
005 2001112815565850
008 011128s1993 00010 eng
020    @a0-256-10346-1@bhard
040    @aPFT@beng
090    @aG203
099    @dG203@eO12
245    @aManagement Information Systems :@ba managerial end user perspective / @cJames A.O’Brien.
250    @a2nd ed.
260    @aBURR RIDGE :@bIRWIN,@c1993.
300    @a571 p. ;@c29cm.
500    @ainclues bibliographial references and index
    
    Management Information Systems : : a managerial end user perspective / / James A.O’Brien.-2nd ed.-BURR RIDGE : : IRWIN, , 1993.
    571 p. ; ; 29cm.
    inclues bibliographial references and index
    
    ISBN 0-256-10346-1hard
    
●
相关链接 在E读中查询图书 在当当中查询图书 在豆瓣中查询图书


正题名:Management Information Systems     索取号:G203/O12         预约/预借

序号 登录号 条形码 馆藏地/架位号 状态 备注
1 01993   300019931   社科库409/409社科库 119排1列3层/ [索取号:G203/O12] 在馆    
2 02783   300027833   社科库409/409社科库 119排1列3层/ [索取号:G203/O12] 在馆    
3 0284   300002841   社科库409/409社科库 119排1列3层/ [索取号:G203/O12] 在馆    
4 0285   300002850   社科库409/409社科库 119排1列3层/ [索取号:G203/O12] 在馆    
河南城建学院图书馆 欢迎您!
大连网信软件有限公司© 版权所有